La sucesión por muerte y el proceso sucesorio /

Guardado en:
Autor Principal: Lloveras, Nora.
Otros Autores: Orlandi, Olga., Faraoni, Fabián.
Formato: Libro
Idioma:Spanish
Publicado: Ciudad Autónoma de Buenos Aires : Erreius, 2019.
Edición:1a. ed.
Materias:
Etiquetas: Agregar Etiqueta
Sin Etiquetas, Sea el primero en etiquetar este registro!
LEADER 00580nam a22001935a 4500
001 DER.der013905
008 190830s2019####ag############000#0#spa#d
005 20251204155649.0
245 1 0 |a La sucesión por muerte y el proceso sucesorio /  |c Lloveras, Nora. 
250 |a 1a. ed. 
260 |a Ciudad Autónoma de Buenos Aires :  |b Erreius,  |c 2019. 
300 |a 860 p. 
020 |a 9789877930016 
100 1 |a Lloveras, Nora. 
700 1 |a Orlandi, Olga. 
700 1 |a Faraoni, Fabián. 
650 7 |a DERECHO DE FAMILIA 
650 7 |a SUCESIONES 
859 |a DERECHO  |b BIB. DERECHO  |h 346.052  |i LLO  |p 009054